Book of popular science, Vol 7 / (Record no. 8966)
[ view plain ]
| 000 -LEADER | |
|---|---|
| fixed length control field | 00373cam a2200145ua 4500 |
| 041 ## - LANGUAGE CODE | |
| Language code of text/sound track or separate title | eng |
| 082 ## - DEWEY DECIMAL CLASSIFICATION NUMBER | |
| Classification number | 500 |
| Item number | LEV/BO |
| 100 ## - MAIN ENTRY--AUTHOR NAME | |
| Personal name | Levin, Lawrence M. |
| 245 00 - TITLE STATEMENT | |
| Title | Book of popular science, Vol 7 / |
| 260 ## - PUBLICATION, DISTRIBUTION, ETC. (IMPRINT) | |
| Place of publication | New York : |
| Name of publisher | Grotier Incorporated , |
| Year of publication | 1963. |
| 300 ## - PHYSICAL DESCRIPTION | |
| Number of Pages | 428 ; . |
| 942 ## - ADDED ENTRY ELEMENTS (KOHA) | |
| Koha item type | Books |
| Withdrawn status | Lost status | Damaged status | Home library | Current library | Date acquired | Full call number | Accession Number | Koha item type |
|---|---|---|---|---|---|---|---|---|
| KAUAET | KAUAET | 07/04/2012 | 500 | 2659 | Reference |
